[Event "BL 1920 SV Mülheim Nord - BCA Augsburg"]
[Site "?"]
[Date "2021.10.17"]
[Round "15.6"]
[White "Zelbel, Patrick"]
[Black "Stankovic, Milos"]
[Result "1-0"]
[WhiteElo "2453"]
[BlackElo "2420"]
[PlyCount "145"]
[EventDate "2021.??.??"]

1. e4 c5 2. c3 Nf6 3. e5 Nd5 4. Nf3 d6 5. d4 cxd4 6. cxd4 Nc6 7. Bc4 Nb6 8. Bb5
dxe5 9. Nxe5 Bd7 10. Nxd7 Qxd7 11. Nc3 e6 12. O-O Rd8 13. Be3 Be7 14. Qg4 O-O
15. Rad1 g6 16. d5 Nxd5 17. Bxa7 Qc7 18. Nxd5 exd5 19. Be3 h5 20. Qf3 Qe5 21.
Bb6 Ra8 22. a4 Qxb2 23. Qxd5 Qf6 24. Rfe1 Bb4 25. Re4 Rae8 26. Rxe8 Rxe8 27.
Qd7 Re7 28. Qc8+ Kh7 29. h3 Ba5 30. Bc5 Rc7 31. Qf8 Bc3 32. Bb6 Bb4 33. Qa8 Re7
34. Qc8 Ba5 35. Bc5 Rc7 36. Qf8 Bc3 37. Be3 Bd4 38. Qh6+ Kg8 39. Qf4 Qxf4 40.
Bxf4 Be5 41. Be3 Ne7 42. g3 Nc8 43. Rd5 Bd6 44. Be2 Kf8 45. a5 Rc2 46. Bf3 Rb2
47. Rd2 Rb5 48. Kg2 Ke7 49. Rc2 Kd8 50. Bd4 Be7 51. Be4 Nd6 52. Bd3 Rd5 53.
Bb6+ Kd7 54. Rc7+ Ke6 55. Rc3 Kd7 56. Bc2 Nb5 57. Ba4 Bd6 58. Rd3 Rf5 59. Rf3
Kc6 60. Rxf5 gxf5 61. Bd1 h4 62. Bf3+ Kd7 63. Bxb7 hxg3 64. fxg3 f4 65. g4 Ke7
66. Kf3 Ke6 67. a6 Bb8 68. Bc6 Na7 69. Ba4 Nc8 70. Bg1 Kf6 71. h4 Kg6 72. Bd7
Na7 73. Bh2 1-0

[Event "BL 1920 SV Mülheim Nord - BCA Augsburg"]
[Site "?"]
[Date "2021.10.17"]
[Round "15.7"]
[White "Arnaudov, G. Petar"]
[Black "Dinstuhl, Volkmar"]
[Result "1/2-1/2"]
[WhiteElo "2455"]
[BlackElo "2387"]
[PlyCount "41"]
[EventDate "2021.??.??"]

1. d4 d5 2. Nf3 Nf6 3. c4 dxc4 4. e3 Bg4 5. Bxc4 e6 6. O-O a6 7. b3 Nc6 8. Bb2
Bd6 9. h3 Bh5 10. Be2 O-O 11. Nbd2 Qe7 12. Nc4 Rad8 13. Rc1 Nd5 14. Nfe5 Bxe2
15. Nxc6 Bxd1 16. Nxe7+ Bxe7 17. Rfxd1 f5 18. Ba3 Bxa3 19. Nxa3 c6 20. Nc4 Nf6
21. Ne5 1/2-1/2

[Event "BL 1920 SV Mülheim Nord - BCA Augsburg"]
[Site "?"]
[Date "2021.10.17"]
[Round "15.8"]
[White "Baltic, Fatih"]
[Black "Schmittdiel, Eckhard"]
[Result "1-0"]
[WhiteElo "2288"]
[BlackElo "2402"]
[PlyCount "87"]
[EventDate "2021.??.??"]

1. e4 c5 2. Nf3 e6 3. d3 Nc6 4. g3 d5 5. Nbd2 Be7 6. Bg2 Nf6 7. O-O O-O 8. e5
Nd7 9. Re1 b5 10. Nf1 b4 11. h4 a5 12. h5 f5 13. exf6 Nxf6 14. h6 g6 15. Bg5
Ng4 16. Bxe7 Qxe7 17. Qd2 Ra6 18. N1h2 Nxh2 19. Nxh2 Qf6 20. c3 bxc3 21. bxc3
Rb6 22. Rab1 Rxb1 23. Rxb1 Qd8 24. Rb5 Qd6 25. Qe3 d4 26. Qe4 Bd7 27. c4 Ne5
28. Rb6 Qxb6 29. Qxe5 Rf7 30. Ng4 Qd8 31. Qxc5 Bc8 32. Be4 Bb7 33. Bxb7 Rxb7
34. Nf6+ Kh8 35. Qe5 Rf7 36. Ne4+ Kg8 37. Nd6 Re7 38. Qxd4 Qf8 39. Qh4 Rd7 40.
c5 Qf3 41. Qc4 Qd5 42. Qb5 Rd8 43. Qb2 e5 44. Qb6 1-0

[Event "BL 1920 USV TU Dresden - SK Doppelbauer"]
[Site "?"]
[Date "2021.10.17"]
[Round "15.1"]
[White "Demchenko, Anton"]
[Black "Nisipeanu, Liviu-Dieter"]
[Result "1/2-1/2"]
[WhiteElo "2651"]
[BlackElo "2644"]
[PlyCount "40"]
[EventDate "2021.??.??"]

1. e4 c5 2. Nf3 e6 3. d4 cxd4 4. Nxd4 Nf6 5. Nc3 Nc6 6. Ndb5 d6 7. Bf4 e5 8.
Bg5 a6 9. Na3 b5 10. Nab1 Be7 11. Bxf6 Bxf6 12. a4 b4 13. Nd5 Bg5 14. Bc4 O-O
15. O-O Rb8 16. Nd2 Kh8 17. Nb3 Ne7 18. Nxe7 Qxe7 19. Qe2 Qc7 20. Rad1 a5
1/2-1/2

[Event "BL 1920 USV TU Dresden - SK Doppelbauer"]
[Site "?"]
[Date "2021.10.17"]
[Round "15.2"]
[White "Bartel, Mateusz"]
[Black "Khenkin, Igor"]
[Result "1-0"]
[WhiteElo "2597"]
[BlackElo "2540"]
[PlyCount "129"]
[EventDate "2021.??.??"]

1. e4 c6 2. d4 d5 3. Nc3 dxe4 4. Nxe4 Nf6 5. Nxf6+ exf6 6. c3 Bd6 7. Bd3 Na6 8.
Qe2+ Be6 9. d5 cxd5 10. Bb5+ Kf8 11. Bxa6 bxa6 12. Nf3 Qc8 13. Be3 Qc4 14. Qxc4
dxc4 15. O-O-O Ke7 16. Nd4 Rhc8 17. Rhe1 Bc5 18. Nf5+ Kf8 19. Bxc5+ Rxc5 20.
Nd4 Bd5 21. f3 Re8 22. Rxe8+ Kxe8 23. Kc2 Bb7 24. b3 g6 25. Rb1 Bc8 26. Re1+
Re5 27. Rd1 Be6 28. Rd2 Bd5 29. Kb2 h5 30. Nc2 cxb3 31. axb3 Bb7 32. Nb4 g5 33.
c4 h4 34. h3 f5 35. Nd3 Re3 36. Kc3 f4 37. Kd4 f5 38. b4 Ke7 39. Ra2 g4 40.
Nxf4 Rb3 41. hxg4 fxg4 42. fxg4 Rxb4 43. g5 Rb3 44. Re2+ Kf8 45. g6 Rg3 46. Ke5
Rg4 47. c5 a5 48. Kf5 Bc8+ 49. Ne6+ Bxe6+ 50. Kxe6 Rxg6+ 51. Kd7 Rg7+ 52. Kd8
Rg3 53. Rf2+ Kg7 54. c6 Rd3+ 55. Kc8 Rc3 56. c7 a4 57. Rd2 a3 58. Kd7 a2 59.
Rxa2 Rd3+ 60. Kc6 Rc3+ 61. Kb7 Rb3+ 62. Kxa7 Rc3 63. Kb7 Rb3+ 64. Ka8 Rc3 65.
Ra7 1-0

[Event "BL 1920 USV TU Dresden - SK Doppelbauer"]
[Site "?"]
[Date "2021.10.17"]
[Round "15.3"]
[White "Dziuba, Marcin"]
[Black "Vogel, Roven"]
[Result "1-0"]
[WhiteElo "2578"]
[BlackElo "2453"]
[PlyCount "82"]
[EventDate "2021.??.??"]

1. Nf3 d5 2. e3 c5 3. b3 Nc6 4. Bb5 f6 5. c4 d4 6. exd4 cxd4 7. Ba3 e5 8. Bxf8
Kxf8 9. Bxc6 bxc6 10. d3 g5 11. h4 g4 12. Nfd2 h5 13. Ne4 f5 14. Ng5 Ne7 15.
Nd2 Ng6 16. g3 Kg7 17. b4 Qd6 18. Qa4 a5 19. O-O Qxb4 20. Qxc6 Ra7 21. Rab1 Ne7
22. Qb6 Qxb6 23. Rxb6 Bd7 24. Rfb1 Rc8 25. Re1 Ng6 26. f3 Rc6 27. Rb5 Rf6 28.
Rb8 Ba4 29. fxg4 hxg4 30. c5 Rc7 31. Reb1 Kh6 32. Nc4 Rfc6 33. R1b6 Kh5 34. Ne6
Re7 35. Rxc6 Bxc6 36. Nd8 Rc7 37. Nd6 f4 38. Ne6 Ra7 39. Nf5 Ne7 40. Rh8+ Kg6
41. Rh6+ Kxf5 1-0

[Event "BL 1920 USV TU Dresden - SK Doppelbauer"]
[Site "?"]
[Date "2021.10.17"]
[Round "15.4"]
[White "Boensch, Uwe"]
[Black "Glud, Jakob Vang"]
[Result "1/2-1/2"]
[WhiteElo "2508"]
[BlackElo "2524"]
[PlyCount "73"]
[EventDate "2021.??.??"]

1. d4 d5 2. c4 e6 3. Nf3 Nf6 4. g3 Bb4+ 5. Bd2 Be7 6. Bg2 O-O 7. O-O c6 8. Qc2
Nbd7 9. Rd1 b6 10. Bf4 Bb7 11. Nc3 dxc4 12. Nd2 Nd5 13. Nxc4 Nxf4 14. gxf4 Rc8
15. Rac1 Nf6 16. Ne5 Nd5 17. Nxd5 cxd5 18. Qa4 Ra8 19. Nc6 Bxc6 20. Rxc6 Bd6
21. e3 Qe7 22. Rdc1 Rad8 23. Qa6 Kh8 24. Rc8 g6 25. Rxd8 Rxd8 26. Rc8 Rxc8 27.
Qxc8+ Kg7 28. h3 h6 29. Kf1 Bc7 30. Qb7 a5 31. Qc6 Bd8 32. a3 Qa7 33. Bf3 Qe7
34. Kg2 Qf6 35. Qd6 Kh7 36. Be2 Qe7 37. Qxe7 1/2-1/2

[Event "BL 1920 USV TU Dresden - SK Doppelbauer"]
[Site "?"]
[Date "2021.10.17"]
[Round "15.5"]
[White "Bjerre, Jonas Buhl"]
[Black "Maiwald, Jens-Uwe"]
[Result "1-0"]
[WhiteElo "2569"]
[BlackElo "2437"]
[PlyCount "63"]
[EventDate "2021.??.??"]

1. e4 g6 2. d4 Bg7 3. Nc3 d6 4. Be3 a6 5. a4 Nf6 6. Nf3 O-O 7. Qd2 Bg4 8. Be2
Bxf3 9. Bxf3 Nc6 10. d5 Ne5 11. Be2 b5 12. f3 b4 13. Nd1 a5 14. c3 c6 15. dxc6
Nxc6 16. Bb5 bxc3 17. Nxc3 Nb4 18. O-O d5 19. exd5 Nfxd5 20. Nxd5 Qxd5 21. Rad1
Qb3 22. Bc5 Bf6 23. Rfe1 Rfc8 24. Bxe7 Bxe7 25. Rxe7 Rc2 26. Qf4 Rf8 27. Red7
Qxb2 28. Bc4 Kh8 29. Rxf7 Rxg2+ 30. Kh1 Rxf7 31. Rd8+ Kg7 32. Rg8+ 1-0

[Event "BL 1920 USV TU Dresden - SK Doppelbauer"]
[Site "?"]
[Date "2021.10.17"]
[Round "15.6"]
[White "Moehn, Hans"]
[Black "Gavrilescu, David"]
[Result "0-1"]
[WhiteElo "2354"]
[BlackElo "2505"]
[PlyCount "106"]
[EventDate "2021.??.??"]

1. Nf3 d5 2. g3 c5 3. Bg2 Nf6 4. O-O e6 5. b3 Be7 6. Bb2 O-O 7. e3 b6 8. d3 Bb7
9. Nbd2 Nc6 10. Ne5 Nxe5 11. Bxe5 Nd7 12. Bb2 Bf6 13. Bxf6 Qxf6 14. e4 Rad8 15.
f4 Qd4+ 16. Kh1 dxe4 17. Nxe4 Bxe4 18. Bxe4 Nf6 19. Bf3 Rfe8 20. Re1 e5 21.
fxe5 Rxe5 22. Qd2 Rde8 23. a4 h5 24. Rad1 h4 25. Rxe5 Rxe5 26. Rf1 h3 27. c3
Qe3 28. Qd1 Re7 29. Bg4 Nxg4 30. Qxg4 g6 31. Qxh3 Qxd3 32. a5 bxa5 33. Qg2 Qxc3
34. Qd5 Qd4 35. Qxd4 cxd4 36. Rd1 Rd7 37. Kg2 f5 38. Kf1 Kf7 39. Ke2 Kf6 40.
Kd3 Kg5 41. Ra1 Kg4 42. Rxa5 g5 43. Ra6 Kh3 44. Rg6 g4 45. Rh6+ Kg2 46. b4 Rb7
47. Kxd4 Rxb4+ 48. Ke5 Rb5+ 49. Kf4 a5 50. Rc6 Kxh2 51. Rc2+ Kh3 52. Rc3 a4 53.
Ra3 Rb3 0-1

[Event "BL 1920 USV TU Dresden - SK Doppelbauer"]
[Site "?"]
[Date "2021.10.17"]
[Round "15.7"]
[White "Parvanyan, Ashot"]
[Black "Wong, Gengchun"]
[Result "1-0"]
[WhiteElo "2453"]
[BlackElo "2116"]
[PlyCount "77"]
[EventDate "2021.??.??"]

1. Nf3 Nf6 2. c4 c5 3. d4 cxd4 4. Nxd4 e6 5. Nc3 d5 6. cxd5 Nxd5 7. Bd2 Bb4 8.
e4 Nxc3 9. bxc3 Be7 10. Bc4 O-O 11. O-O Qc7 12. Qe2 Nc6 13. Rfd1 a6 14. a4 Bd7
15. Be3 Rac8 16. Bb3 Na5 17. Bc2 Rfd8 18. Bd3 Nc4 19. Bc1 Bf6 20. Bb1 Be8 21.
Re1 Bxd4 22. cxd4 Rxd4 23. h4 e5 24. h5 h6 25. Ba2 Bxa4 26. g4 Bb5 27. Qf3 Qd7
28. g5 hxg5 29. Bxg5 Rd3 30. Qg2 Rc6 31. Kh2 Nd2 32. Bxd2 Rxd2 33. Rg1 g6 34.
hxg6 Kf8 35. Bxf7 Kg7 36. Ra3 Rf6 37. Rf3 Qe7 38. Qh3 Rxf2+ 39. Kh1 1-0

[Event "BL 1920 USV TU Dresden - SK Doppelbauer"]
[Site "?"]
[Date "2021.10.17"]
[Round "15.8"]
[White "Richter, Philipp"]
[Black "Pajeken, Jakob Leon"]
[Result "1/2-1/2"]
[WhiteElo "2227"]
[BlackElo "2395"]
[PlyCount "71"]
[EventDate "2021.??.??"]

1. d4 d5 2. c4 dxc4 3. Nf3 a6 4. e3 Nf6 5. Bxc4 e6 6. O-O c5 7. Bb3 Nc6 8. Nc3
Be7 9. dxc5 Bxc5 10. Qxd8+ Kxd8 11. Rd1+ Ke7 12. Bd2 Bd7 13. Rac1 Ba7 14. Be1
Rac8 15. Na4 Ne4 16. Nd2 Nxd2 17. Bxd2 b6 18. e4 Rhd8 19. Be3 Rb8 20. Rd2 Rdc8
21. Rdc2 Ke8 22. Kf1 b5 23. Nc5 Bxc5 24. Rxc5 Na5 25. Rxc8+ Rxc8 26. Rxc8+ Bxc8
27. Bc2 e5 28. Bd3 Be6 29. b3 Kd7 30. Bc5 Nb7 31. Bf8 g6 32. Ke2 Kc6 33. Bg7
Kd6 34. Bf8+ Kc6 35. Bg7 Kd6 36. Bf8+ 1/2-1/2

[Event "BL 1920 SF Berlin - Hamburger SK"]
[Site "?"]
[Date "2021.10.17"]
[Round "15.1"]
[White "Svane, Rasmus"]
[Black "Piorun, Kacper"]
[Result "1/2-1/2"]
[WhiteElo "2625"]
[BlackElo "2655"]
[PlyCount "40"]
[EventDate "2021.??.??"]

1. d4 Nf6 2. Nf3 d5 3. c4 dxc4 4. e3 Bg4 5. Bxc4 e6 6. Nc3 Nbd7 7. h3 Bh5 8.
O-O Be7 9. b3 O-O 10. Bb2 a6 11. Be2 Nd5 12. Rc1 c6 13. Ne1 Bg6 14. Bd3 f5 15.
Nf3 Bh5 16. Be2 Bd6 17. Na4 Qf6 18. Ne5 Bxe2 19. Nxd7 Bxd1 20. Nxf6+ Rxf6
1/2-1/2

[Event "BL 1920 SF Berlin - Hamburger SK"]
[Site "?"]
[Date "2021.10.17"]
[Round "15.2"]
[White "Schroeder, Jan-Christian"]
[Black "Miton, Kamil"]
[Result "1/2-1/2"]
[WhiteElo "2568"]
[BlackElo "2579"]
[PlyCount "135"]
[EventDate "2021.??.??"]

1. e4 d5 2. exd5 Qxd5 3. Nc3 Qd8 4. d4 Nf6 5. Nf3 g6 6. Bf4 a6 7. Bc4 Bg7 8.
Ne5 O-O 9. O-O b5 10. Qf3 Ra7 11. Bb3 Bb7 12. Qg3 Nc6 13. Rad1 Nh5 14. Qe3 Nxf4
15. Qxf4 Nxe5 16. dxe5 Qa8 17. Qg5 e6 18. a4 Qe8 19. Qe3 Ra8 20. Qc5 Qc6 21.
Qxc6 Bxc6 22. f4 Rfd8 23. axb5 axb5 24. Rxd8+ Rxd8 25. Ne2 Bf8 26. Ra1 Rd2 27.
Kf2 Bxg2 28. Ke3 Rd8 29. Nd4 Bc5 30. c3 Bb6 31. Bc2 b4 32. Be4 Bxe4 33. Kxe4
bxc3 34. bxc3 Kg7 35. Nf3 h6 36. Nd4 Rd5 37. Ra2 Rc5 38. Kd3 Rd5 39. Ke4 Kh7
40. Ra1 Rc5 41. Kd3 g5 42. c4 gxf4 43. Nf3 f6 44. exf6 Kg6 45. Ra8 Kxf6 46.
Rf8+ Ke7 47. Rh8 h5 48. h4 Rf5 49. Ke4 Kd6 50. Rh6 Rc5 51. Kd3 Ra5 52. Ng5 Ra3+
53. Ke4 f3 54. Nxf3 Rc3 55. Rxh5 Rxc4+ 56. Kd3 Ra4 57. Nd2 Ra3+ 58. Kc2 Rh3 59.
Nc4+ Kc6 60. Nxb6 cxb6 61. Kd2 b5 62. Re5 b4 63. Rxe6+ Kb5 64. Kc2 Rxh4 65. Kb3
Rh3+ 66. Kb2 Kc4 67. Rc6+ Kb5 68. Re6 1/2-1/2

[Event "BL 1920 SF Berlin - Hamburger SK"]
[Site "?"]
[Date "2021.10.17"]
[Round "15.4"]
[White "Moroni, Luca Jr"]
[Black "Heinemann, Thies"]
[Result "1-0"]
[WhiteElo "2575"]
[BlackElo "2502"]
[PlyCount "55"]
[EventDate "2021.??.??"]

1. d4 Nf6 2. c4 e6 3. Nc3 Bb4 4. Nf3 O-O 5. e3 b6 6. Bd3 Bb7 7. O-O d5 8. cxd5
exd5 9. Ne5 Bd6 10. f4 c5 11. g4 cxd4 12. exd4 Ne4 13. g5 Bxe5 14. fxe5 Qc8 15.
Qf3 Qc6 16. Be3 Qg6 17. h4 f5 18. exf6 Rxf6 19. Qg4 Rxf1+ 20. Rxf1 Qc6 21. Qf5
Nd7 22. Bb5 Qd6 23. Nxe4 dxe4 24. Bxd7 Qg3+ 25. Kh1 Qxe3 26. Be6+ Kh8 27. Qf8+
Rxf8 28. Rxf8# 1-0

[Event "BL 1920 SF Berlin - Hamburger SK"]
[Site "?"]
[Date "2021.10.17"]
[Round "15.5"]
[White "Sebastian, Dirk"]
[Black "Gumularz, Szymon"]
[Result "1/2-1/2"]
[WhiteElo "2448"]
[BlackElo "2534"]
[PlyCount "88"]
[EventDate "2021.??.??"]

1. e4 c6 2. Nc3 d5 3. Nf3 Bg4 4. Be2 e6 5. d4 Be7 6. h3 Bh5 7. Bf4 Nf6 8. e5
Nfd7 9. Qd2 c5 10. g4 Bg6 11. dxc5 Nc6 12. O-O-O Nxc5 13. Nd4 Nxd4 14. Qxd4 Rc8
15. Kb1 Ne4 16. Qa4+ Kf8 17. Nxe4 Bxe4 18. Bd3 Bxh1 19. Rxh1 a6 20. Bc1 Qb6 21.
f4 Qc6 22. Qa5 h5 23. Rf1 hxg4 24. hxg4 Rh2 25. a3 Kg8 26. Qe1 Rxc2 27. Bxc2
Qxc2+ 28. Ka1 Kf8 29. f5 Ke8 30. Qg3 Kd7 31. g5 g6 32. Qh3 exf5 33. e6+ fxe6
34. Qh7 Qd3 35. Re1 Qg3 36. Bd2 Rc4 37. Qxg6 Re4 38. Rc1 Rc4 39. Re1 Re4 40.
Rc1 Qb8 41. Qh7 Qg3 42. g6 Qh4 43. Qg8 Rc4 44. Rxc4 Qxc4 1/2-1/2

[Event "BL 1920 SF Berlin - Hamburger SK"]
[Site "?"]
[Date "2021.10.17"]
[Round "15.6"]
[White "Blohberger, Felix"]
[Black "Kramer, Julian"]
[Result "1/2-1/2"]
[WhiteElo "2497"]
[BlackElo "2408"]
[PlyCount "133"]
[EventDate "2021.??.??"]

1. c4 g6 2. e4 e5 3. Nf3 Bg7 4. d4 exd4 5. Nxd4 Nf6 6. Nc3 O-O 7. Bd3 c6 8. O-O
d5 9. exd5 cxd5 10. Bg5 h6 11. Bf4 Nc6 12. Nxc6 bxc6 13. Re1 Ba6 14. cxd5 Bxd3
15. Qxd3 Nxd5 16. Nxd5 Qxd5 17. Qxd5 cxd5 18. Rad1 Rfd8 19. Be5 Rac8 20. Kf1
Rc2 21. Bxg7 Kxg7 22. Re2 Rc7 23. Red2 Rb7 24. Rc1 Rbd7 25. Ke2 Kf6 26. Kd3 Re8
27. Re2 Rxe2 28. Kxe2 Rb7 29. b3 Ke5 30. Kd3 Kd6 31. Rc8 h5 32. Rd8+ Kc6 33.
Rc8+ Kd6 34. f3 Rb6 35. Rd8+ Ke6 36. Rc8 Kd6 37. Kc3 Rb7 38. b4 Re7 39. Kd2 Rb7
40. a3 a5 41. bxa5 Rb5 42. Rc1 Rxa5 43. Ra1 Ra4 44. Kc3 Kc5 45. Kb3 Rf4 46. a4
Rb4+ 47. Kc3 Rc4+ 48. Kd3 Kb6 49. Rb1+ Kc6 50. Ra1 Rh4 51. a5 Kb7 52. a6+ Ka7
53. h3 Rb4 54. Ra5 Rb2 55. Rxd5 Rxg2 56. Rd7+ Kxa6 57. Rxf7 Kb5 58. Rf6 Kc5 59.
Ke4 Re2+ 60. Kf4 Rg2 61. Re6 g5+ 62. Kf5 Rg3 63. Rg6 Rxf3+ 64. Kxg5 Rxh3 65.
Rh6 h4 66. Rxh4 Rxh4 67. Kxh4 1/2-1/2

[Event "BL 1920 SF Berlin - Hamburger SK"]
[Site "?"]
[Date "2021.10.17"]
[Round "15.7"]
[White "Meissner, Felix"]
[Black "Jakubowski, Krzysztof"]
[Result "1/2-1/2"]
[WhiteElo "2372"]
[BlackElo "2459"]
[PlyCount "171"]
[EventDate "2021.??.??"]

1. e4 c6 2. d4 d5 3. e5 Bf5 4. Nc3 e6 5. g4 Bg6 6. Nge2 c5 7. h4 h5 8. Nf4 Bh7
9. g5 Bf5 10. g6 Nc6 11. Bd3 Nh6 12. gxf7+ Kxf7 13. Qxh5+ Kg8 14. Ng6 Rh7 15.
Rg1 Bxd3 16. cxd3 Nxd4 17. Qd1 Nhf5 18. Bg5 Qe8 19. h5 Be7 20. Bxe7 Nxe7 21.
Qg4 Nxg6 22. hxg6 Rh4 23. Qg3 Qf8 24. O-O-O Qf4+ 25. Qe3 Nf3 26. Rg3 Qxe3+ 27.
fxe3 Nxe5 28. Rg5 Nf3 29. Rg3 Rf8 30. Nb5 Ne5 31. Nc7 Rf2 32. Rd2 Rhh2 33. Rxf2
Nxd3+ 34. Kc2 Nxf2 35. Rf3 Ne4+ 36. Kc1 Rh1+ 37. Kc2 Rh2+ 38. Kc1 Rg2 39. Nxe6
Rxg6 40. Nc7 Rg1+ 41. Kc2 Rg2+ 42. Kc1 Rg5 43. Ne6 Rg1+ 44. Kc2 Rg2+ 45. Kc1 c4
46. Rf8+ Kh7 47. Rf7 Rg1+ 48. Kc2 Rg2+ 49. Kc1 Nd6 50. Rd7 Nf5 51. Rxb7 Nxe3
52. Rxa7 Kh6 53. a4 Rc2+ 54. Kb1 Rd2 55. Rb7 d4 56. Rb6 g6 57. a5 d3 58. a6
Rd1+ 59. Ka2 Nc2 60. b4 Ra1+ 61. Kb2 Ra3 62. Rc6 Rb3+ 63. Kc1 c3 64. Rc8 g5 65.
Nc5 Ra3 66. Nxd3 Nd4 67. Kb1 c2+ 68. Kb2 Rxa6 69. Rc4 Rd6 70. Ne1 Kh5 71. Nxc2
Nxc2 72. Rxc2 g4 73. Rh2+ Kg5 74. Kc3 g3 75. Ra2 Rf6 76. Kd4 Rf2 77. Ra1 g2 78.
Rg1 Kf4 79. b5 Kf3 80. Kc5 Rc2+ 81. Kd5 Kf2 82. Rxg2+ Kxg2 83. b6 Rb2 84. Kc6
Kf3 85. b7 Rxb7 86. Kxb7 1/2-1/2

[Event "BL 1920 SF Berlin - Hamburger SK"]
[Site "?"]
[Date "2021.10.17"]
[Round "15.8"]
[White "Perske, Thore"]
[Black "Bracker, Frank"]
[Result "1/2-1/2"]
[WhiteElo "2445"]
[BlackElo "2378"]
[PlyCount "133"]
[EventDate "2021.??.??"]

1. e4 e5 2. Nf3 Nc6 3. Bb5 a6 4. Ba4 Nf6 5. O-O Be7 6. d3 d6 7. a3 O-O 8. Nc3
b5 9. Bb3 Na5 10. Ba2 c5 11. Bg5 Be6 12. Bxf6 Bxf6 13. Nd5 Nc6 14. a4 b4 15. c3
Rb8 16. Bc4 a5 17. h3 Bg5 18. Re1 h6 19. Qe2 g6 20. Rad1 Bf6 21. Ne3 Bg7 22. h4
h5 23. Ng5 Bxc4 24. dxc4 Bf6 25. Nf3 Bxh4 26. Nxh4 Qxh4 27. Rxd6 Nd8 28. Nd5
Ne6 29. Qe3 bxc3 30. bxc3 Rb2 31. Ra6 Ra2 32. Rxa5 Rb8 33. Rb5 Ra8 34. Rb7
R8xa4 35. g3 Qg5 36. Qf3 Nd8 37. Rd7 Ra7 38. Nf6+ Qxf6 39. Qxf6 Rxd7 40. Qxe5
Ne6 41. Rb1 Rad2 42. Rb8+ Rd8 43. Rxd8+ Rxd8 44. Kf1 Rd1+ 45. Ke2 Rg1 46. Qf6
g5 47. e5 Rc1 48. Kd2 Rf1 49. Kd3 Rd1+ 50. Ke4 Rc1 51. Qf3 Rc2 52. Kd5 Rd2+ 53.
Kc6 Kg7 54. Qe3 Rd1 55. Qe2 Rc1 56. Qxh5 Rxc3 57. Kd6 Ra3 58. Qg4 Kf8 59. f4
gxf4 60. gxf4 Rd3+ 61. Kc6 Rd4 62. Qh4 Rxf4 63. Qh8+ Ke7 64. Qb8 Rd4 65. Qa7+
Kf8 66. Kb5 Kg7 67. Qe7 1/2-1/2